书目信息 |
| 题名: |
物理实验
|
|
| 作者: | 江兴方 主编 | |
| 分册: | ||
| 出版信息: | 北京 科学出版社 2006.01 |
|
| 页数: | 279页 | |
| 开本: | 24cm | |
| 丛书名: | ||
| 单 册: | ||
| 中图分类: | O4-33 | |
| 科图分类: | ||
| 主题词: | 物理学--概况 | |
| 电子资源: | ||
| ISBN: | 7-03-015882-2 | |
| 000 | 00612 nam 000229 | |
| 001 | 0100001897 | |
| 005 | 20070901163951.71 | |
| 010 | @a7-03-015882-2@dCNY25.00 | |
| 100 | @a20070806d2006 em y0chiy0121 ea | |
| 101 | @achi | |
| 102 | @aCN@b110000 | |
| 105 | @ay z 000yy | |
| 200 | 10 | @a物理实验@9wu li shi yan@f江兴方主编@Fjiang xing fang zhu bian |
| 210 | @a北京@c科学出版社@d2006.01 | |
| 215 | @a279页@d24cm | |
| 300 | @a21世纪高等院校教材 | |
| 606 | @a物理学@x概况 | |
| 690 | @aO4-33@v4 | |
| 701 | 0 | @a江兴方@9jiang xing fang@4主编 |
| 801 | @aCN@c20070901 | |
| 901 | @a000003 | |
| 905 | @dO4-33@eJ440 | |
| 物理实验/江兴方主编.-北京:科学出版社,2006.01 |
| 279页;24cm |
| 21世纪高等院校教材 |
| ISBN 7-03-015882-2:CNY25.00 |
| ● |
| 相关链接 |
|
|
|
正题名:物理实验
索取号:O4-33/J440
 
预约/预借
| 序号 | 登录号 | 条形码 | 馆藏地/架位号 | 状态 | 备注 |
| 1 | 644047 | 206440476 | 自科库401/401自科库 55排7列1层/ [索取号:O4-33/J440] | 在馆 | |
| 2 | 644048 | 206440485 | 自科库401/401自科库 55排7列1层/ [索取号:O4-33/J440] | 在馆 | |
| 3 | 644049 | 206440494 | 自科库401/401自科库 55排7列1层/ [索取号:O4-33/J440] | 在馆 |